000 00314cam a22000977a 4500
008 180718b1958 xxu||||| |||| 00| 0 eng d
100 _aIndia. Rajya Sabha Secretariat
245 _aRajya Sabha debates, Vol. XXI, Nos. 1-10 (22 Apr. - 2 May 1958)
260 _aNew Delhi
_bRajya Sabha Secretariat
_c1958
300 _av.p.
999 _c486186
_d486186